[Event "Kirchberg op 7th"]
[Site "Kirchberg"]
[Date "2019.08.27"]
[Round "2"]
[White "Wadsack, Thomas"]
[Black "Auinger, Marcel"]
[Result "1/2-1/2"]
[WhiteElo "1916"]
[BlackElo "1666"]
[PlyCount "64"]
[EventDate "2019.08.26"]
[EventType "swiss"]
[EventRounds "7"]
[EventCountry "AUT"]
[SourceTitle "EXT 2020"]
[Source "ChessBase"]
[SourceDate "2019.10.17"]
[SourceVersion "1"]
[SourceVersionDate "2019.10.17"]
[SourceQuality "1"]

1. e4 c6 2. d4 d5 3. exd5 cxd5 4. c4 Nf6 5. Nc3 e6 6. c5 Nc6 7. Nf3 g6 8. Bb5 Bd7 9. 0-0 Bg7 10. Re1 0-0 11. Bf4 Re8 12. Qd2 Ne7 13. b4 a6 14. Bxd7 Nxd7 15. b5 Qa5 16. Nxd5 Qxd2 17. Nxe7+ Rxe7 18. Bxd2 axb5 19. Reb1 Nb8 20. Rxb5 Nc6 21. Bc3 Rd7 22. h3 Nxd4 23. Bxd4 Bxd4 24. Nxd4 Rxd4 25. Rxb7 Rc4 26. Rb5 Rc8 27. a4 R4xc5 28. Rxc5 Rxc5 29. a5 Rc7 30. Kf1 Kf8 31. Ke2 Ke7 32. Kd3 Kd6 1/2-1/2

[Event "Haid op 6th"]
[Site "Haid"]
[Date "2018.09.02"]
[Round "7"]
[White "Sandhoefner, Florian"]
[Black "Wadsack, Thomas"]
[Result "1-0"]
[WhiteElo "2332"]
[BlackElo "1872"]
[PlyCount "65"]
[EventDate "2018.08.27"]
[EventType "swiss"]
[EventRounds "7"]
[EventCountry "AUT"]
[SourceTitle "CBM 186 Extra"]
[Source "ChessBase"]
[SourceDate "2018.08.24"]
[SourceVersion "1"]
[SourceVersionDate "2018.08.24"]
[SourceQuality "1"]

1. c4 e6 2. d4 d5 3. Nc3 Nf6 4. cxd5 exd5 5. Bg5 Be6 6. Qb3 Nc6 7. e3 Rb8 8. Nf3 Be7 9. Qa4 0-0 10. Bb5 Qd6 11. a3 a6 12. Be2 Na7 13. 0-0 b5 14. Qc2 Nc6 15. b4 h6 16. Bf4 Qd7 17. Rfc1 Bd6 18. Ne5 Bxe5 19. dxe5 Ne8 20. Nxb5 Nxb4 21. axb4 axb5 22. Qc5 f6 23. exf6 Rxf6 24. Ra5 Nd6 25. Ra7 Rc8 26. Bxd6 cxd6 27. Qxc8+ Qxc8 28. Rxc8+ Bxc8 29. Bxb5 Rf7 30. Rxf7 Kxf7 31. Bc6 Ke6 32. Kf1 Ke5 33. b5 1-0

[Event "Hoersching op 5th"]
[Site "Hoersching"]
[Date "2017.09.01"]
[Round "5"]
[White "Sandhoefner, Florian"]
[Black "Wadsack, Thomas"]
[Result "1-0"]
[WhiteElo "2285"]
[BlackElo "1826"]
[PlyCount "53"]
[EventDate "2017.08.28"]
[EventType "swiss"]
[EventRounds "7"]
[EventCountry "AUT"]
[SourceTitle "CBM 180 Extra"]
[Source "ChessBase"]
[SourceDate "2017.10.06"]
[SourceVersion "1"]
[SourceVersionDate "2017.10.06"]
[SourceQuality "1"]

1. e4 e5 2. Nf3 Nc6 3. Nc3 Bc5 4. Nxe5 Bxf2+ 5. Kxf2 Nxe5 6. d4 Qh4+ 7. g3 Qf6+ 8. Bf4 d6 9. dxe5 dxe5 10. Nd5 Qd6 11. Be3 c6 12. Nc3 Qb4 13. Rb1 Nf6 14. Qd3 Be6 15. a3 Ng4+ 16. Kg2 Qe7 17. h3 Nf6 18. Rd1 0-0 19. Qd6 Qxd6 20. Rxd6 Nxe4 21. Rxe6 Nxc3 22. Rxe5 Nd1 23. Bc1 Rfe8 24. Rxe8+ Rxe8 25. Bd3 Ne3+ 26. Bxe3 Rxe3 27. Kf2 1-0

[Event "Hoersching op 3rd"]
[Site "Hoersching"]
[Date "2015.09.04"]
[Round "5"]
[White "Haida, Johannes Wolfgang"]
[Black "Wadsack, Thomas"]
[Result "0-1"]
[WhiteElo "1514"]
[BlackElo "1745"]
[PlyCount "82"]
[EventDate "2015.08.31"]
[EventType "swiss"]
[EventRounds "7"]
[EventCountry "AUT"]
[SourceTitle "EXT 2016"]
[Source "ChessBase"]
[SourceDate "2015.10.08"]
[SourceVersion "1"]
[SourceVersionDate "2015.10.08"]
[SourceQuality "1"]

1. e4 e5 2. Nf3 Nc6 3. Bc4 Bc5 4. c3 Nf6 5. d4 exd4 6. Bg5 h6 7. Bxf6 Qxf6 8. 0-0 0-0 9. cxd4 Nxd4 10. Nxd4 Bxd4 11. Nd2 Bxb2 12. Rb1 d6 13. Qb3 Be5 14. Nf3 Rb8 15. Ba6 Be6 16. Bc4 Bxc4 17. Qxc4 Rfc8 18. Rb3 Qe7 19. Nd2 Bf4 20. Nb1 Qe6 21. Qd3 Rd8 22. Nc3 c6 23. Ne2 Bg5 24. f4 Bf6 25. f5 Qe5 26. Rbb1 Rd7 27. Kh1 Re7 28. Ng3 Bh4 29. Rfe1 Bxg3 30. hxg3 d5 31. Qf1 dxe4 32. Re3 Qd5 33. f6 gxf6 34. Qxf6 Qh5+ 35. Kg1 Re6 36. Qf4 Qe5 37. Qh4 Qg5 38. Qh3 Rbe8 39. g4 b5 40. Rf1 Rg6 41. Rg3 e3 0-1

[Event "AUT-ch U14"]
[Site "Woerth"]
[Date "2015.05.25"]
[Round "5.6"]
[White "Bratko, Alexander"]
[Black "Wadsack, Thomas"]
[Result "1/2-1/2"]
[WhiteElo "1595"]
[BlackElo "1784"]
[PlyCount "75"]
[EventDate "2015.05.23"]
[EventType "swiss"]
[EventRounds "7"]
[EventCountry "AUT"]
[SourceTitle "EXT 2024"]
[Source "ChessBase"]
[SourceDate "2023.10.10"]
[SourceVersion "1"]
[SourceVersionDate "2023.10.10"]
[SourceQuality "1"]

1. c4 e6 2. d4 d5 3. Nf3 Nf6 4. Nc3 Be7 5. Bf4 0-0 6. c5 c6 7. h3 b6 8. b4 Bd7 9. e3 a5 10. a3 axb4 11. axb4 Rxa1 12. Qxa1 bxc5 13. bxc5 Nh5 14. Be5 Nf6 15. Bd3 Be8 16. Ke2 Nfd7 17. Bh2 f6 18. Qb1 g6 19. h4 Bf7 20. h5 f5 21. hxg6 Bxg6 22. Rg1 Kh8 23. g4 Qa5 24. gxf5 exf5 25. Kd2 Qd8 26. Rg2 Nf6 27. Ne5 Ne4+ 28. Nxe4 fxe4 29. Nxg6+ hxg6 30. Be5+ Bf6 31. Bxf6+ Rxf6 32. Be2 Qa5+ 33. Kd1 Na6 34. Bxa6 Qa4+ 35. Kd2 Qa5+ 36. Kc2 Qxa6 37. Rh2+ Kg7 38. Qb8 1/2-1/2

[Event "Steyr op"]
[Site "Steyr"]
[Date "2012.08.29"]
[Round "3"]
[White "Gruber, Johann"]
[Black "Wadsack, Thomas"]
[Result "1-0"]
[WhiteElo "1938"]
[BlackElo "1346"]
[PlyCount "45"]
[EventDate "2012.08.27"]
[EventType "swiss"]
[EventRounds "7"]
[EventCountry "AUT"]
[SourceTitle "CBM 150 Extra"]
[Source "ChessBase"]
[SourceDate "2012.10.19"]
[SourceVersion "1"]
[SourceVersionDate "2012.10.19"]
[SourceQuality "1"]

1. d4 d5 2. Nf3 h6 3. e3 e6 4. Bd3 Nf6 5. Ne5 Be7 6. 0-0 0-0 7. Nd2 c5 8. c3 Bd6 9. f4 c4 10. Bc2 Bd7 11. e4 Nh7 12. Nxd7 Nxd7 13. e5 Bc7 14. f5 Kh8 15. Nf3 exf5 16. Bxf5 f6 17. e6 Nb6 18. Nh4 Re8 19. Ng6+ Kg8 20. Qg4 Ng5 21. h4 Nh7 22. e7 Qd6 23. Be6+ 1-0